| 000 | 00771nam0a22002411 4500 | ||
|---|---|---|---|
| 001 | rc\222480 | ||
| 005 | 20250621002944.0 | ||
| 010 |
_a5-85099-005-4 _970000 |
||
| 035 | _a(NLR Aleph) 005476574 | ||
| 090 |
_a5091676 _c5091676 |
||
| 100 | _a20030307d1993 |||y0rusy50 ca | ||
| 101 | 0 | _arus | |
| 102 | _aRU | ||
| 105 | _aa ||||||||| | ||
| 200 | 1 |
_aБабушка удава _e[Для детей] _fГригорий Остер _g[Рис. С. Богачева, М. Байковой] |
|
| 210 |
_aФрязино _cВек-2 _dБ. г. (1993) |
||
| 215 |
_a[14] с. _cцв. ил. _d28 |
||
| 700 | 1 |
_aОстер _bГ.Б. _f1947- _gГригорий Бенционович |
|
| 801 | 0 |
_aRU _bNLR _gpsbo |
|
| 801 | 1 |
_aRU _bELAR _2rusmarc |
|
| 852 |
_aNLR _j93-8/52 |
||
| 942 | _cBOOK | ||
| 980 | _aNB | ||